| 000 | 00766cam a2200253 a 4500 | ||
|---|---|---|---|
| 001 | 32345 | ||
| 003 | BD-RjUL | ||
| 005 | 20211209051824.0 | ||
| 008 | 140426s1952 stkar f 0 1 0eng d | ||
| 035 | _a(BD-RjUL)32434 | ||
| 035 | _a1343303 | ||
| 040 |
_aBNB _beng _cBNB _dBD-RjUL |
||
| 041 | _aeng | ||
| 082 | 0 | 4 |
_a378.4134 _218 _bUNE 1952 |
| 110 | 2 |
_aUniversity of Edinburgh. _999157 |
|
| 245 | 1 | 0 |
_aEdinburgh University calendar, 1952-1953 / _cUniversity of Edinburgh. |
| 260 |
_aEdinburgh : _bJames Thin, _c1952. |
||
| 300 |
_axiv, 761 p. ; _c22 cm. |
||
| 504 | _aIncludes index. | ||
| 610 | 2 | 0 |
_aUniversity of Edinburgh. _999158 |
| 650 | 7 |
_aUniversities. Edinburgh. University of Edinburgh. Calendars _2precis. _998252 |
|
| 942 |
_2ddc _cBK |
||
| 999 |
_c32345 _d32345 |
||